[Event "World Cup U18 Prel"]
[Site "Tornelo INT"]
[Date "2021.08.17"]
[Round "3"]
[White "Mohamed, Anees M"]
[Black "Kaleeswaran, Jaisuraj"]
[Result "1-0"]
[WhiteElo "2312"]
[BlackElo "1851"]
[PlyCount "89"]
[EventDate "2021.08.16"]
[EventType "swiss (rapid)"]
[EventRounds "10"]
[EventCountry "NET"]
[SourceTitle "CBM 203 Extra"]
[Source "ChessBase"]
[SourceDate "2021.09.30"]
[SourceVersion "1"]
[SourceVersionDate "2021.09.30"]
[SourceQuality "1"]

1. e4 c5 2. Nf3 d6 3. d4 cxd4 4. Nxd4 Nf6 5. Nc3 a6 6. Bg5 e6 7. f4 Be7 8. Qf3 Qc7 9. 0-0-0 Nbd7 10. Bd3 b5 11. Rhe1 Bb7 12. a3 h6 13. Bxf6 Bxf6 14. Bxb5 axb5 15. Ndxb5 Qb8 16. Nxd6+ Ke7 17. Nxb7 Qxb7 18. e5 Qxf3 19. exf6+ Nxf6 20. gxf3 Rhc8 21. f5 Ra5 22. fxe6 fxe6 23. Re3 Rh5 24. Rd2 Kf7 25. b4 Rc4 26. Kb2 Rch4 27. Rde2 Rh3 28. Rxe6 Rxf3 29. Re7+ Kf8 30. Rc7 Rhh3 31. Nb5 Kg8 32. a4 Nd5 33. Rc8+ Kh7 34. c3 Nb6 35. Rc6 Nd5 36. a5 Nf4 37. Rd2 Nd3+ 38. Kb3 Rf4 39. a6 Nxb4 40. a7 Nxc6 41. a8Q Rb4+ 42. Kc2 Rc4 43. Qe8 Nb4+ 44. Kb3 Rch4 45. Rg2 1-0